All the President's men : (Record no. 127085)
[ view plain ]
| 000 -LEADER | |
|---|---|
| campo de control de longitud fija | 01575nam a22002417a 4500 |
| 003 - IDENTIFICADOR DE NÚMERO DE CONTROL | |
| campo de control | BJBSDDR |
| 005 - FECHA Y HORA DE LA ÚLTIMA TRANSACCIÓN | |
| campo de control | 20260513183339.0 |
| 006 - CÓDIGOS DE INFORMACIÓN DE LONGITUD FIJA--CARACTERÍSTICAS DEL MATERIAL ADICIONAL | |
| campo de control de longitud fija | a|||||r|||| 00| 0 |
| 007 - CAMPO FIJO DE DESCRIPCIÓN FÍSICA--INFORMACIÓN GENERAL | |
| campo de control de longitud fija | ta |
| 008 - DATOS DE LONGITUD FIJA--INFORMACIÓN GENERAL | |
| campo de control de longitud fija | 260513s20221974nyu|||||r|||| 00| 0 eng d |
| 020 ## - NÚMERO INTERNACIONAL ESTÁNDAR DEL LIBRO | |
| Número Internacional Estándar del Libro | 9781476770512 |
| 040 ## - FUENTE DE CATALOGACIÓN | |
| Lengua de catalogación | spa |
| Centro/agencia transcriptor | BJBSDDR |
| 041 ## - CÓDIGO DE IDIOMA | |
| Código de lengua del texto/banda sonora o título independiente | eng |
| 050 ## - SIGNATURA TOPOGRÁFICA DE LA BIBLIOTECA DEL CONGRESO | |
| Número de ítem | B531a 2022 |
| 100 1# - ENTRADA PRINCIPAL--NOMBRE DE PERSONA | |
| Nombre de persona | Bernstein, Carl, |
| Fechas asociadas al nombre | 1944- |
| 9 (RLIN) | 38696 |
| 245 10 - MENCIÓN DEL TÍTULO | |
| Título | All the President's men : |
| Resto del título | the greatest reporting story of all time / |
| Mención de responsabilidad, etc. | Carl Bernstein (Autor), Bob Woodward (Autor) |
| 260 ## - PUBLICACIÓN, DISTRIBUCIÓN, ETC. | |
| Lugar de publicación, distribución, etc. | New York, |
| Nombre del editor, distribuidor, etc. | Simon & Schuster, |
| Fecha de publicación, distribución, etc. | 2022 |
| 300 ## - DESCRIPCIÓN FÍSICA | |
| Extensión | xxix, 361 pages : |
| Otras características físicas | illustrations ; |
| Dimensiones | 22 cm |
| 520 ## - RESUMEN, ETC. | |
| Sumario, etc. | This book follows journalists Bob Woodward and Carl Bernstein as they investigate the 1972 Watergate break-in in Washington, D.C. What begins as a seemingly minor burglary at the Democratic National Committee headquarters grows into a major political scandal involving illegal surveillance, political sabotage, and abuse of presidential power.<br/><br/>Using anonymous sources (most famously “Deep Throat”), interviews, and persistent reporting, the journalists uncover a network connecting the burglars to high-level officials in the Nixon administration. Their investigation ultimately contributes to exposing the Watergate scandal and the resignation of President Richard Nixon.<br/><br/>The book is both a detailed account of investigative journalism and a real-time political thriller showing how persistent reporting can uncover systemic corruption. |
| 700 1# - ENTRADA AGREGADA--NOMBRE PERSONAL | |
| Nombre de persona | Woodward, Bob |
| Forma completa/desarrollada del nombre | (Robert Upshur), |
| Fechas asociadas al nombre | 1943- |
| 9 (RLIN) | 8227 |
| 942 ## - ELEMENTOS DE ENTRADA SECUNDARIOS (KOHA) | |
| Fuente del sistema de clasificación o colocación | Clasificación de Library of Congress |
| Suprimir en OPAC | No |
| Tipo de ítem Koha | Libro |
| 946 ## - PROCESAMIENTO DE INFORMACIÓN LOCAL (OCLC) | |
| Iniciales del agente catalogador | llh |
| Estatus retirado | Estado de pérdida | Fuente del sistema de clasificación o colocación | Estado de daño | No para préstamo | Colección | Biblioteca de origen | Biblioteca actual | Ubicación en estantería | Fecha de adquisición | Signatura topográfica completa | Código de barras | Visto por última vez | Copia número | Tipo de ítem Koha |
|---|---|---|---|---|---|---|---|---|---|---|---|---|---|---|
| Clasificación de Library of Congress | Automatización y Procesos Técnicos | Biblioteca Juan Bosch | Biblioteca Juan Bosch | Automatización y Procesos Técnicos (1er. Piso) | 13/05/2026 | B531a 2022 | 00000200100 | 13/05/2026 | 1 | Libro |
